| 000 | 00620nam a2200217 a 4500 | ||
|---|---|---|---|
| 001 | BRCA_7966 | ||
| 005 | 20190320210055.0 | ||
| 008 | 110314t1965----it-a###f##---#000-0#ita-# | ||
| 041 | _aita | ||
| 044 | _ait | ||
| 050 | 4 |
_aNK2599 _b.B32 _c1965 |
|
| 245 | 1 | 0 |
_aMobili spagnoli _bConoscere gli stili dei mobili _ca cura di Edi Baccheschi. |
| 260 |
_aMilano _bGorlich _c1965 |
||
| 300 |
_a131 p. _bil. (algunas a color), 171 láminas _c24 cm. |
||
| 500 | _a3131 | ||
| 650 | 1 | 4 |
_aMuebles españoles _919749 |
| 650 | 1 | 4 |
_aMuebles _vCatálogos _99329 |
| 700 | 1 |
_aBaccheschi, Edi _eed. _919750 |
|
| 902 | _aGFM | ||
| 942 |
_2lcc _cB |
||
| 999 |
_c7635 _d7635 |
||